Using Energy (Record no. 706)

MARC details
000 -LEADER
fixed length control field 00278nam a2200109 4500
008 - FIXED-LENGTH DATA ELEMENTS--GENERAL INFORMATION
fixed length control field 160624b xxu||||| |||| 00| 0 eng d
100 ## - MAIN ENTRY--PERSONAL NAME
9 (RLIN) 892
Personal name Young Scientist
245 ## - TITLE STATEMENT
Title Using Energy
260 ## - PUBLICATION, DISTRIBUTION, ETC. (IMPRINT)
Place of publication, distribution, etc. Lon
Name of publisher, distributor, etc. World Book International
Date of publication, distribution, etc. 1990
300 ## - PHYSICAL DESCRIPTION
Extent Using Energy
942 ## - ADDED ENTRY ELEMENTS (KOHA)
Source of classification or shelving scheme Dewey Decimal Classification
Koha item type BOOK
Holdings
Withdrawn status Lost status Source of classification or shelving scheme Damaged status Not for loan Home library Current library Shelving location Date acquired Total Checkouts Full call number Barcode Date last seen Price effective from Koha item type
    Dewey Decimal Classification     Good Samaritan School Library Good Samaritan School Library   06/24/2016   96 YOU1437 06/24/2016 06/24/2016 BOOK

Powered by Koha